Online
Catalog

Patricia, el regreso del sueño / (Record no. 47884)

MARC details
000 -CABECERA
campo de control de longitud fija 00694nam a2200217 a 4500
001 - NÚMERO DE CONTROL
campo de control 000048396
003 - IDENTIFICADOR DEL NÚMERO DE CONTROL
campo de control DO-SdBNP
005 - FECHA Y HORA DE LA ÚLTIMA TRANSACCIÓN
campo de control 20211012135612.0
007 - CAMPO FIJO DE DESCRIPCIÓN FÍSICA--INFORMACIÓN GENERAL
campo de control de longitud fija ta
008 - DATOS DE LONGITUD FIJA--INFORMACIÓN GENERAL
campo de control de longitud fija 190221s2017 dr ac 000 d spa d
040 ## - FUENTE DE LA CATALOGACIÓN
Centro catalogador/agencia de origen DO-SdBNP
Lengua de catalogación spa
Centro/agencia transcriptor BNPHU
082 #4 - NÚMERO DE LA CLASIFICACIÓN DECIMAL DEWEY
Número de documento/Ítem F745p
Número de edición 22
100 1# - ENTRADA PRINCIPAL--NOMBRE DE PERSONA
Nombre de persona Fortunato, René,
Fechas asociadas al nombre 1958-
9 (RLIN) 55460
245 10 - MENCIÓN DE TÍTULO
Título Patricia, el regreso del sueño /
Mención de responsabilidad, etc. escrita y drigida por René Fortunato ; fotografía Peyi Guzmán.
260 ## - PUBLICACIÓN, DISTRIBUCIÓN, ETC.
Lugar de publicación, distribución, etc. Santo Domingo :
Nombre del editor, distribuidor, etc. Ave Fénix Films,
Fecha de publicación, distribución, etc. 2017
300 ## - DESCRIPCIÓN FÍSICA
Extensión 42 p. :
Otras características físicas il., retrs., fot. ;
Dimensiones 27 cm.
500 ## - NOTA GENERAL
Nota general Incluye datos biográficos del autor
590 ## - NOTA LOCAL (RLIN)
Nota local Inventariado, 2019/LP
700 1# - PUNTO DE ACCESO ADICIONAL--NOMBRE DE PERSONA
Nombre de persona Guzmán, Peyi,
Término indicativo de función/relación fot.
9 (RLIN) 75807
942 ## - ELEMENTOS DE PUNTO DE ACCESO ADICIONAL (KOHA)
Fuente del sistema de clasificación o colocación Dewey Decimal Classification
Tipo de ítem Koha Libro
Holdings
Estado de retiro Estado de pérdida No para préstamo Código de colección Localización permanente Ubicación/localización actual Ubicación en estantería Fecha de adquisición Número de inventario Total de préstamos Signatura topográfica completa Código de barras Fecha visto por última vez Precio válido a partir de Tipo de ítem Koha Fuente del sistema de clasificación o colocación Restricciones de uso Fuente de adquisición Número de copia
      Dominicana de Servicio Biblioteca Nacional Pedro Henríquez Ureña General Depósito 12.10.2017     F745p 2021-27316 12.10.2021 12.10.2021 Libro y Folleto Colección Dominicana de Servicio Dewey Decimal Classification Préstamo en sala Depósito legal / René Fortunato e.3
      Dominicana de Servicio Biblioteca Nacional Pedro Henríquez Ureña General Depósito 12.10.2017     F745p 2021-27317 12.10.2021 12.10.2021 Libro y Folleto Colección Dominicana de Servicio Dewey Decimal Classification Préstamo en sala Depósito legal / René Fortunato e.4
    Excluido de préstamo Patrimonio Dominicano Patrimonio Dominicano Patrimonio Dominicano Depósito 21.02.2019 LF1   xxxx F745p 48396-10 25.06.2020 25.06.2020 Libro y Folleto Colección Patrimonio Dominicano        
      Patrimonio Dominicano Biblioteca Nacional Pedro Henríquez Ureña Patrimonio Dominicano Depósito 12.10.2017     F745p 2021-27315 12.10.2021 12.10.2021 Libro y Folleto Colección Patrimonio Dominicano Dewey Decimal Classification Excluido de préstamo Depósito legal / René Fortunato e.2

Powered by Koha